000 01363nam a2200253Ia 4500
999 _c56558
_d56558
001 23672
003 GE_BSU
005 20250624115133.0
008 181216s2014||||ge |||||||||||||| ||geo||
040 _cGE_BSU
041 _ageo
080 _a347.9(479.22) ს-23
245 _aსამოქალაქო საპროცესო სამართალი. ნაწ. 1 /
_cთენგიზ ლილუაშვილი, გია ლილუაშვილი, ვალერი ხრუსტალი,ზურაბ ძლიერიშვილი, რედ.თეიმურაზ თოდრია.
264 _aთბილისი :
_bსამართალი,
_c2014.
300 _a372 გვ .:
_b23სმ.
653 _aThe civil procedural right. eng
653 _aსამართალი
653 _aსამოქალაქო საპროცესო სამართალი. ნაწ. 1
653 _aსაქართველოს სამოქალაქო საპროცესო სამართალი.
700 _aლილუაშვილი, თენგიზ
_916901
700 _a ლილუაშვილი, გია
_eდა სხვ.
_925488
700 _aთოდრია, თემიურაზ
_eრედაქტორი
_925489
942 _cBK
_2udc